Kiến trúc nhập môn
KR304 Cơ sở kiến trúc 4; KR003 Kiến trúc nhập môn; KR010 Cơ sở kiến trúc 3; KR312 Cơ sở kiến trúc 5
Kaydedildi:
| Yazar: | |
|---|---|
| Diğer Yazarlar: | |
| Materyal Türü: | Kitap |
| Dil: | Undetermined |
| Baskı/Yayın Bilgisi: |
H.
Giao thông vận tải
2004
|
| Konular: | |
| Online Erişim: | http://lrc.tdmu.edu.vn/opac/search/detail.asp?aID=2&ID=3734 |
| Etiketler: |
Etiketle
Etiket eklenmemiş, İlk siz ekleyin!
|
| Thư viện lưu trữ: | Trung tâm Học liệu Trường Đại học Thủ Dầu Một |
|---|
| LEADER | 00841nam a2200217Ia 4500 | ||
|---|---|---|---|
| 001 | TDMU_3734 | ||
| 008 | 210410s9999 xx 000 0 und d | ||
| 082 | |a 720 | ||
| 090 | |b N4994 | ||
| 100 | |a Nguyễn, Hữu Trí | ||
| 245 | 0 | |a Kiến trúc nhập môn | |
| 245 | 0 | |c Nguyễn Hữu Trí | |
| 260 | |a H. | ||
| 260 | |b Giao thông vận tải | ||
| 260 | |c 2004 | ||
| 300 | |a 117tr. | ||
| 520 | |a KR304 Cơ sở kiến trúc 4; KR003 Kiến trúc nhập môn; KR010 Cơ sở kiến trúc 3; KR312 Cơ sở kiến trúc 5 | ||
| 650 | |a Kiến trúc |x Giảng dạy và học tập | ||
| 700 | |a Trường Đại học Kiến trúc TP.HCM | ||
| 856 | |u http://lrc.tdmu.edu.vn/opac/search/detail.asp?aID=2&ID=3734 | ||
| 980 | |a Trung tâm Học liệu Trường Đại học Thủ Dầu Một | ||